[Event "AUTO-MASTER-2367"]
[Site "http://www.queenalice.com/game.php?id=1386022"]
[Date "2015.9.28"]
[Round "1"]
[White "cerenzo72"]
[Black "sisagido"]
[Result "1/2-1/2"]
[WhiteElo "2221"]
[BlackElo "2174"]

1. d4 Nf6 2. Nf3 g6 3. g3 Bg7 4. c4 d6 5. Bg2 O-O 6. O-O c6 7. Nc3 Nbd7 8. e4
Qc7 9. Bg5 h6 10. Bf4 g5 11. Be3 Ng4 12. Bd2 e5 13. d5 c5 14. Nxg5 Nxh2 15. Kxh2
hxg5 16. Bxg5 f6 17. Bh4 Nb6 18. b3 Qf7 19. Bf3 f5 20. Bh5 Qd7 21. Kg2 fxe4 22.
Nxe4 a5 23. Ng5 Qf5 24. Bf3 Bd7 25. Be4 Qf6 26. Ne6 Qf7 27. Nxf8 Rxf8 28. f3 Bf5
29. Qe2 Nd7 30. Bxf5 Qxf5 31. Be7 Rf7 32. Bxd6 Nf6 33. Qxe5 Qc2+ 34. Rf2 Qxf2+
35. Kxf2 Ng4+ 36. Kg2 Nxe5 37. Re1 Nd3 38. Rd1 Nb4 39. Rd2 b6 40. a3 Na6 41. Re2
Bd4 42. f4 Nc7 43. Re7 Rxe7 44. Bxe7 Kf7 45. Bd8 Na8 46. f5 Ke8 47. Bh4 Kd7 48.
g4 Nc7 49. g5 b5 50. f6 a4 51. bxa4 bxc4 52. g6 Ke8 53. g7 Kf7 54. d6 Ne6 55. d7
c3 56. Bg5 c2 57. a5 Nd8 58. a6 c4 59. Kf3 Bxf6 60. Bc1 Nc6 61. Ke4 Kxg7 62. Kd5
Na7 63. Kxc4 Kf7 64. Kb3 Ke7 65. Kxc2 Bd4 66. Kd3 Nc6 67. Kc4 Kxd7 68. Bf4 Ba7
69. Kd5 Ne7+ 70. Kc4 Kc6 71. Bg5 Nc8 72. Bd8 Nd6+ 73. Kb4 Bc5+ 74. Ka4 Nb5 75.
Kb3 Nxa3 76. Ka4 Nc4 77. Kb3 Kb5 78. Bc7 Kxa6 1/2-1/2

[Event "AUTO-MASTER-2367"]
[Site "http://www.queenalice.com/game.php?id=1386023"]
[Date "2015.9.28"]
[Round "1"]
[White "sisagido"]
[Black "cerenzo72"]
[Result "1-0"]
[WhiteElo "2215"]
[BlackElo "2251"]

1. e4 e5 2. Nf3 Nc6 3. d4 exd4 4. Nxd4 Bc5 5. c3 Nge7 6. Be3 d6 7. Nxc6 Nxc6 8.
Bxc5 dxc5 9. Qxd8+ Nxd8 10. Bc4 Be6 11. Bd5 O-O 12. O-O c6 13. Bxe6 Nxe6 14. Nd2
Rad8 15. Nf3 Rfe8 16. Rad1 Nf4 17. Rxd8 Rxd8 18. g3 Ng6 19. e5 Rd3 20. Kg2 c4
21. Re1 h6 22. e6 fxe6 23. Rxe6 Kf7 24. Re4 b5 25. h4 Rd5 26. Nd4 Ne5 27. f4 Nd3
28. Nxc6 a6 29. b3 cxb3 30. axb3 Nc5 31. Re7+ Kg6 32. b4 Na4 33. Re3 Rd2+ 34.
Kf3 Rd6 35. Ne5+ Kh7 36. g4 g6 37. Ke4 Rd2 38. Nf3 Rd8 39. Ne5 Kg7 40. Rd3 Re8
41. Rd7+ Kf6 42. Rf7+ Ke6 43. f5+ gxf5+ 44. gxf5+ Kd6 45. Rd7# 1-0

[Event "AUTO-MASTER-2367"]
[Site "http://www.queenalice.com/game.php?id=1386034"]
[Date "2015.9.28"]
[Round "1"]
[White "sisagido"]
[Black "mouderjr"]
[Result "1-0"]
[WhiteElo "2211"]
[BlackElo "2026"]

1. e4 e5 2. Nf3 d6 3. d4 Bg4 4. dxe5 Bxf3 5. Qxf3 dxe5 6. Bc4 Qf6 7. Qb3 Nd7 8.
O-O Nc5 9. Qe3 Be7 10. Bd2 Bd6 11. Nc3 Ne7 12. Nd5 Nxd5 13. Bxd5 c6 14. Bc4
O-O-O 15. b4 Na6 16. Bxa6 bxa6 17. Qxa7 Bb8 18. Qxa6+ Kd7 19. Rad1 Ke8 20. a4 h5
21. Be3 h4 22. Rxd8+ Kxd8 23. Rd1+ Ke7 24. Bc5+ Ke8 25. Qc8+ 1-0

[Event "AUTO-ELITE-1559"]
[Site "http://www.queenalice.com/game.php?id=1386051"]
[Date "2015.9.28"]
[Round "1"]
[White "Sexxy_Bunny"]
[Black "sisagido"]
[Result "1-0"]
[WhiteElo "2694"]
[BlackElo "2224"]

1. e4 g6 2. d4 Bg7 3. Nc3 d6 4. Be3 Nf6 5. Qd2 h5 6. f3 c6 7. O-O-O O-O 8. h4 b5
9. Bh6 b4 10. Nce2 Qa5 11. Kb1 Nbd7 12. Nc1 Ba6 13. Bxg7 Kxg7 14. Nb3 Qb6 15.
Bxa6 Qxa6 16. Qxb4 Rab8 17. Qa5 Qb7 18. Nh3 c5 19. dxc5 Nxc5 20. e5 Nd5 21. exd6
exd6 22. Ng5 Ne3 23. Qc3+ f6 24. Rxd6 Nxb3 25. Ne6+ Kf7 26. Nxf8 Rxf8 27. Rxf6+
Ke7 28. Qe5+ 1-0

[Event "AUTO-ELITE-1559"]
[Site "http://www.queenalice.com/game.php?id=1386052"]
[Date "2015.9.28"]
[Round "1"]
[White "sisagido"]
[Black "Sexxy_Bunny"]
[Result "0-1"]
[WhiteElo "2220"]
[BlackElo "2699"]

1. e4 c5 2. Nf3 d6 3. d4 cxd4 4. Qxd4 Nc6 5. Bb5 Bd7 6. Bxc6 Bxc6 7. c4 Nf6 8.
O-O a6 9. Nc3 e6 10. Re1 Be7 11. Bg5 O-O 12. Rad1 Qc7 13. Bxf6 Bxf6 14. Qd3 Qb6
15. Qc2 Qb4 16. a3 Qxc4 17. Nd2 Qc5 18. Nb3 Qh5 19. Nd4 Rac8 20. Qd3 Rfd8 21.
Nxc6 Rxc6 22. Re3 Bxc3 23. bxc3 Rxc3 24. Qe2 Qxe2 25. Rxe2 Rxa3 26. Rc2 g6 27.
f4 Ra4 28. Re1 b5 29. Kf2 a5 30. f5 exf5 31. exf5 Rf4+ 32. Kg1 Rxf5 33. Rc7 Rb8
34. Ree7 b4 35. Rb7 Rxb7 36. Rxb7 h5 37. h3 h4 0-1

[Event "AUTO-ELITE-1559"]
[Site "http://www.queenalice.com/game.php?id=1386056"]
[Date "2015.9.28"]
[Round "1"]
[White "sisagido"]
[Black "jupar"]
[Result "1-0"]
[WhiteElo "2211"]
[BlackElo "2114"]

1. e4 e5 2. Nf3 Nc6 3. d4 exd4 4. Nxd4 d6 5. Nxc6 bxc6 6. Bd3 Nf6 7. O-O Be7 8.
Be3 O-O 9. Nc3 Bd7 10. f4 Bg4 11. Qd2 Bd7 12. f5 Ng4 13. Bf4 Ne5 14. Be2 Bf6 15.
Rad1 Bc8 16. Qe3 Re8 17. Qg3 a5 18. Bh6 g6 19. fxg6 hxg6 20. h4 Bg7 21. Bxg7
Kxg7 22. h5 Be6 23. hxg6 Nxg6 24. e5 Rh8 25. exd6 cxd6 26. Rxd6 Qb6+ 27. Rf2 Rh6
28. Qf3 Ne5 29. Qf4 Qc5 30. Ne4 Rah8 31. Qg5+ Rg6 32. Qxg6+ Nxg6 33. Nxc5 Bd5
34. c4 Be6 35. Nxe6+ fxe6 36. Rxe6 Rh4 37. Bd3 Nf4 38. Re7+ Kg8 39. Be4 Nh5 40.
Bxc6 Ng7 41. Bd5+ Kh7 42. Rff7 Rg4 43. Be4+ Kg8 44. Bd5 Kh8 45. c5 Kh7 46. c6
Kh6 47. Rxg7 Rxg7 48. Rxg7 Kxg7 49. c7 1-0

[Event "AUTO-OPEN-3548"]
[Site "http://www.queenalice.com/game.php?id=1386113"]
[Date "2015.9.29"]
[Round "1"]
[White "TheOperator"]
[Black "sisagido"]
[Result "0-1"]
[WhiteElo "1733"]
[BlackElo "2223"]

1. e4 g6 2. d4 Bg7 3. e5 d6 4. Nf3 dxe5 5. c3 exd4 6. cxd4 Nf6 7. Bd3 O-O 8. Nc3
Nc6 9. O-O Bg4 10. Be2 Bxf3 11. Bxf3 Qxd4 12. Qe2 e5 13. Be3 Qb4 14. Nd5 Nxd5
15. Bxd5 Nd4 16. Qd3 c6 17. Bb3 Nxb3 18. axb3 Rad8 19. Qc2 a5 20. Ra4 Qb5 21.
Rh4 Qd5 22. Bd2 Qxd2 23. Qxd2 Rxd2 24. Ra1 b6 25. Rb1 f5 26. g3 e4 27. g4 fxg4
0-1

[Event "AUTO-OPEN-3548"]
[Site "http://www.queenalice.com/game.php?id=1386114"]
[Date "2015.9.29"]
[Round "1"]
[White "sisagido"]
[Black "TheOperator"]
[Result "1-0"]
[WhiteElo "2217"]
[BlackElo "1735"]

1. e4 e5 2. Nf3 Nc6 3. d4 d5 4. exd5 Nxd4 5. Nxd4 exd4 6. Qxd4 Nf6 7. c4 Be7 8.
Be2 O-O 9. O-O c5 10. Qf4 Bd6 11. Qh4 Be5 12. Nc3 b6 13. Bg5 Qd6 14. Nb5 Qe7 15.
Rad1 Rd8 16. f4 Bxf4 17. Qxf4 Rd7 18. Bd3 a6 19. d6 Qf8 20. Bxf6 axb5 21. Qh4 g6
22. cxb5 Rxd6 23. Be7 Qg7 24. Bxd6 Be6 25. Be7 Bxa2 26. Bf6 1-0

[Event "AUTO-OPEN-3548"]
[Site "http://www.queenalice.com/game.php?id=1386137"]
[Date "2015.9.29"]
[Round "1"]
[White "bouley"]
[Black "sisagido"]
[Result "1-0"]
[WhiteElo "2050"]
[BlackElo "2228"]

1. e4 g6 2. Bc4 e6 3. Nf3 Bg7 4. d4 Ne7 5. Nc3 O-O 6. O-O d5 7. exd5 exd5 8. Bd3
Nbc6 9. Be3 Nf5 10. Qd2 Nxe3 11. fxe3 Bg4 12. h3 Bxf3 13. Rxf3 f5 14. a3 a6 15.
b4 Qh4 16. Qf2 Qg5 17. Nxd5 Rac8 18. Nf4 Rce8 19. Bc4+ Kh8 20. Ne6 Qf6 21. Nxf8
Rxf8 22. c3 b5 23. Ba2 h6 24. Qc2 g5 25. Raf1 Ne7 26. e4 f4 27. Bb1 Qg6 28. g4
Nc6 29. e5 Qxc2 30. Bxc2 Ne7 31. h4 Nd5 32. Bb3 Ne3 33. Rxe3 fxe3 34. Rxf8+ Bxf8
35. h5 Kg7 36. Kf1 Be7 37. Ke2 c6 38. Kxe3 Bd8 39. Ke4 a5 40. Be6 axb4 41. axb4
Be7 42. Bd7 c5 43. dxc5 Kf7 44. Kf5 Bf8 45. Bxb5 Be7 46. c6 Bd8 47. c4 Bc7 48.
c5 Bd8 49. Bc4+ Kg7 50. b5 Bc7 51. b6 Bd8 52. c7 Bxc7 53. bxc7 Kh7 54. c8=Q Kg7
55. Qg8# 1-0

[Event "AUTO-OPEN-3548"]
[Site "http://www.queenalice.com/game.php?id=1386138"]
[Date "2015.9.29"]
[Round "1"]
[White "sisagido"]
[Black "bouley"]
[Result "1-0"]
[WhiteElo "2218"]
[BlackElo "2111"]

1. e4 Nc6 2. d4 d5 3. exd5 Qxd5 4. Nf3 Bg4 5. Nc3 Qd7 6. Be2 e6 7. h3 Bxf3 8.
Bxf3 O-O-O 9. Be3 Nf6 10. O-O Kb8 11. Ne2 Bd6 12. c4 a6 13. a3 e5 14. c5 Be7 15.
b4 exd4 16. Bg5 h6 17. Bf4 g5 18. Bh2 h5 19. Qd3 g4 20. Bxc6 Qxc6 21. Rfc1 gxh3
22. f3 hxg2 23. a4 Qe6 24. Nxd4 Qd5 25. Rd1 Rd7 26. c6 bxc6 27. Qxa6 Qxd4+ 28.
Rxd4 Rxd4 29. Qb6+ 1-0

[Event "AUTO-OPEN-3548"]
[Site "http://www.queenalice.com/game.php?id=1386151"]
[Date "2015.9.29"]
[Round "1"]
[White "franz_ferdinand"]
[Black "sisagido"]
[Result "1-0"]
[WhiteElo "2304"]
[BlackElo "2227"]

1. e4 Nf6 2. e5 Nd5 3. Nc3 Nxc3 4. dxc3 g6 5. Bf4 Bg7 6. Qd2 Nc6 7. Nf3 d6 8.
exd6 cxd6 9. h4 h5 10. Bc4 a6 11. O-O-O Bg4 12. Rde1 O-O 13. Ng5 e6 14. Bxd6 Re8
15. Bf4 Qb6 16. f3 Bf5 17. Rhg1 Na5 18. Bb3 Nxb3+ 19. axb3 Qa5 20. Kb1 b5 21. g4
Rad8 22. Qe3 f6 23. gxf5 fxg5 24. Bxg5 Rc8 25. f6 Bh8 26. Qd3 Kh7 27. Qd7+ 1-0

[Event "AUTO-OPEN-3548"]
[Site "http://www.queenalice.com/game.php?id=1386152"]
[Date "2015.9.29"]
[Round "1"]
[White "sisagido"]
[Black "franz_ferdinand"]
[Result "0-1"]
[WhiteElo "2223"]
[BlackElo "2353"]

1. e4 e5 2. Nf3 Nc6 3. d4 exd4 4. Nxd4 Qh4 5. Qd3 Nf6 6. Nd2 Ng4 7. g3 Qf6 8.
N4f3 Nb4 9. Qb3 Qb6 10. Nc4 Qxf2+ 11. Kd1 Nxc2 12. Qxc2 Qxf3+ 13. Qe2 Nf2+ 14.
Ke1 Qxe2+ 15. Bxe2 Nxh1 16. Bf3 Nxg3 17. hxg3 Bb4+ 18. Ke2 d6 19. a3 Bc5 20. Bf4
Be6 21. Nd2 O-O-O 22. b4 Bd4 23. Rd1 Be5 24. Ke3 Bxf4+ 25. gxf4 f6 26. f5 Bf7
27. Rc1 Kb8 28. Rc3 g6 29. Bg4 g5 30. Be2 h5 31. Kf3 d5 32. exd5 Bxd5+ 33. Ke3
Rhe8+ 34. Kf2 h4 35. Nf1 Re5 36. Ne3 Rde8 37. Bf3 Bxf3 38. Kxf3 Rxe3+ 39. Rxe3
Rxe3+ 40. Kxe3 Kc8 41. Kf3 Kd7 0-1

[Event "AUTO-ELITE-1609"]
[Site "http://www.queenalice.com/game.php?id=1403188"]
[Date "2016.1.8"]
[Round "1"]
[White "sisagido"]
[Black "Zugswang"]
[Result "0-1"]
[WhiteElo "2219"]
[BlackElo "2141"]

1. e4 Nf6 2. e5 Nd5 3. d4 d6 4. Nf3 g6 5. Bd3 Bg7 6. O-O Bg4 7. h3 Bxf3 8. Qxf3
c6 9. c4 Nb4 10. Be4 dxe5 11. a3 N4a6 12. d5 Nc5 13. Bc2 f5 14. Nc3 e4 15. Qg3
e5 16. dxe6 Nxe6 17. Rd1 Qc7 18. Qh4 Qe7 19. Qg3 Nd4 20. Bg5 Qd7 21. Ba4 Na6 22.
b4 Qe6 23. Nd5 Ne2+ 24. Kh2 Nxg3 25. Kxg3 Bxa1 26. Nf4 Qxc4 27. Nd5 Be5+ 28. f4
Bg7 29. Ne3 Qc3 30. Kf2 Bd4 31. Re1 Qxa3 32. Bd1 Nxb4 33. g4 Nd3+ 0-1

[Event "AUTO-ELITE-1609"]
[Site "http://www.queenalice.com/game.php?id=1403189"]
[Date "2016.1.8"]
[Round "1"]
[White "Zugswang"]
[Black "sisagido"]
[Result "1-0"]
[WhiteElo "2201"]
[BlackElo "2195"]

1. e4 g6 2. d4 Bg7 3. f4 d6 4. Nf3 Nf6 5. Nc3 O-O 6. Bc4 e6 7. e5 dxe5 8. fxe5
Nd5 9. Nxd5 exd5 10. Bd3 Nc6 11. Be3 f6 12. exf6 Rxf6 13. O-O Bg4 14. Bg5 Nxd4
15. Bxf6 Qxf6 16. c3 Nxf3+ 17. gxf3 Bh3 18. Rf2 Qf4 19. Qd2 Rf8 20. Qxf4 Rxf4
21. Bf1 Bd7 22. Bg2 c6 23. Re2 Bf6 24. a4 Kf7 25. a5 c5 26. Rd1 d4 27. Re4 Rxe4
28. fxe4 Ba4 29. Re1 d3 30. Bf3 b6 31. axb6 axb6 32. e5 Bg5 33. Bd5+ Ke7 34. b3
d2 35. Rf1 Bf4 36. bxa4 Bxe5 37. c4 h5 38. Rd1 Bc3 39. Kf2 g5 40. Ke2 g4 41. Rf1
h4 42. Rf7+ Kd6 43. Rb7 g3 44. hxg3 hxg3 45. Rxb6+ Ke5 46. Rb5 Bb4 47. a5 Kd6
48. a6 1-0

[Event "AUTO-ELITE-1609"]
[Site "http://www.queenalice.com/game.php?id=1403190"]
[Date "2016.1.8"]
[Round "1"]
[White "sisagido"]
[Black "capaputi"]
[Result "0-1"]
[WhiteElo "2183"]
[BlackElo "2274"]

1. e4 d6 2. Nf3 Nf6 3. e5 dxe5 4. Nxe5 Nbd7 5. Nxd7 Bxd7 6. Be2 e5 7. O-O Bd6 8.
d4 O-O 9. Bg5 Re8 10. dxe5 Rxe5 11. Nc3 Rxg5 12. f4 Rf5 13. Bd3 Rxf4 14. Rxf4
Bxf4 15. Qf3 Bd6 16. Rf1 Bc6 17. Qh3 Bc5+ 18. Kh1 Qd4 19. Ne2 Qg4 20. Qxg4 Nxg4
21. Bc4 Nf2+ 22. Kg1 Ne4+ 23. Kh1 Nd6 24. Bb3 Re8 25. Ng3 g6 26. h3 Kg7 27. Kh2
f5 28. Rd1 h5 29. Nf1 Ne4 30. c3 Bd6+ 31. Kg1 Ng3 32. Nxg3 Bxg3 33. Kf1 Kf6 34.
Bc4 h4 35. a3 Re7 36. Bb3 Rd7 37. Rc1 Rd2 0-1

[Event "AUTO-ELITE-1609"]
[Site "http://www.queenalice.com/game.php?id=1403191"]
[Date "2016.1.8"]
[Round "1"]
[White "capaputi"]
[Black "sisagido"]
[Result "1-0"]
[WhiteElo "2264"]
[BlackElo "2205"]

1. e4 g6 2. d4 d6 3. c4 Bg7 4. Nc3 Nf6 5. f3 c6 6. Bd3 O-O 7. Nge2 a6 8. Be3
Nbd7 9. Qd2 Re8 10. Bh6 Bh8 11. h4 e5 12. g4 exd4 13. Nxd4 d5 14. cxd5 cxd5 15.
O-O-O dxe4 16. Nxe4 Qc7+ 17. Kb1 Nxe4 18. Bxe4 Nc5 19. Bc2 Qb6 20. Bb3 Nxb3 21.
axb3 Be6 22. Nxe6 Rxe6 23. Qd3 Rae8 24. h5 Re2 25. Bc1 Qf2 26. Bd2 R2e3 27. Qd7
R3e7 28. Qd5 Re5 29. Qxb7 Rb5 30. Qd7 Reb8 31. hxg6 hxg6 32. Rxh8+ Kxh8 33. Bc3+
1-0

[Event "AUTO-MASTER-2438"]
[Site "http://www.queenalice.com/game.php?id=1412232"]
[Date "2016.3.5"]
[Round "1"]
[White "sisagido"]
[Black "szachograjek"]
[Result "1/2-1/2"]
[WhiteElo "2161"]
[BlackElo "2158"]

1. e4 e6 2. d4 d5 3. exd5 exd5 4. Nf3 Bg4 5. Be2 Bd6 6. h3 Bh5 7. O-O c6 8. c4
dxc4 9. Bxc4 Ne7 10. Nbd2 Nd7 11. Qb3 Nb6 12. Be2 h6 13. Ne4 O-O 14. Nxd6 Qxd6
15. Be3 Ned5 16. Bd2 Nf4 17. Bd1 Nbd5 18. Ne5 Be2 19. Re1 Ba6 20. Qg3 Ng6 21.
Bc2 Nxe5 22. dxe5 Qe6 23. Bb3 Qg6 24. Qxg6 fxg6 25. e6 Rae8 26. Bxd5 cxd5 27.
Bc3 Bd3 28. Re3 Bf5 29. e7 Rf7 30. Rae1 Bd7 31. Bb4 Bc6 32. f3 Rf4 33. Bd6 Rc4
34. b4 Rc2 35. R3e2 Rxe2 36. Rxe2 Kf7 37. Kf2 g5 1/2-1/2

[Event "AUTO-MASTER-2438"]
[Site "http://www.queenalice.com/game.php?id=1412233"]
[Date "2016.3.5"]
[Round "1"]
[White "szachograjek"]
[Black "sisagido"]
[Result "0-1"]
[WhiteElo "2156"]
[BlackElo "2148"]

1. e4 g6 2. h4 h5 3. d4 d6 4. c3 Nf6 5. Bd3 Bg7 6. Bg5 c6 7. Nd2 Qa5 8. Ngf3
Nbd7 9. Nc4 Qc7 10. e5 dxe5 11. Ncxe5 Nxe5 12. Nxe5 Nd7 13. Nxg6 fxg6 14. Bxg6+
Kd8 15. Bxh5 Nf6 16. Bf3 Bf5 17. Qb3 Qd7 18. Qf7 Qe6+ 19. Qxe6 Bxe6 20. h5 Nd5
21. O-O-O Kd7 22. c4 Nf6 23. h6 Bf8 24. d5 cxd5 25. cxd5 Bf5 26. d6 Rc8+ 27. Kd2
Nh7 28. Bf4 exd6 29. Rc1 Be7 30. Rhd1 Bg5 31. Bxg5 Nxg5 32. Bd5 Rxh6 33. b3 Be4
34. Rxc8 Kxc8 35. Ke3 Bxd5 36. Rxd5 Nf7 37. f4 Kd7 38. g4 Ke6 39. Ke4 Rh3 40.
Ra5 a6 41. g5 Rh4 42. Kf3 d5 43. Kg3 Rh1 44. Kg4 d4 45. f5+ Kd6 46. g6 Ne5+ 47.
Kg5 d3 48. Ra4 Nf3+ 49. Kf4 d2 0-1

[Event "AUTO-MASTER-2438"]
[Site "http://www.queenalice.com/game.php?id=1412234"]
[Date "2016.3.5"]
[Round "1"]
[White "sisagido"]
[Black "Guilherme_Ottoni"]
[Result "0-1"]
[WhiteElo "2175"]
[BlackElo "2112"]

1. e4 c5 2. Nf3 d6 3. d4 cxd4 4. Qxd4 a6 5. c4 Nc6 6. Qd3 Nf6 7. Nc3 Bg4 8. Be2
g6 9. h3 Bxf3 10. Bxf3 Bg7 11. O-O O-O 12. Bg5 Ne5 13. Qe2 Nxf3+ 14. Qxf3 h6 15.
Be3 Qc7 16. Nd5 Nxd5 17. cxd5 h5 18. Rac1 Qd7 19. b3 Rac8 20. Rc4 Rxc4 21. bxc4
Rc8 22. Rc1 Qa4 23. Qe2 b5 24. cxb5 Rxc1+ 25. Bxc1 Qxb5 26. Qc2 Bd4 27. Bh6 Kh7
28. Bf4 Qb6 29. Qd2 Qb1+ 30. Kh2 Qxe4 31. Bg3 Qxd5 32. Qe2 Be5 33. f4 Bf6 34.
Qxa6 e5 0-1

[Event "AUTO-MASTER-2438"]
[Site "http://www.queenalice.com/game.php?id=1412235"]
[Date "2016.3.5"]
[Round "1"]
[White "Guilherme_Ottoni"]
[Black "sisagido"]
[Result "1-0"]
[WhiteElo "2128"]
[BlackElo "2161"]

1. e4 g6 2. d4 Bg7 3. c4 d6 4. Nc3 Nf6 5. h3 O-O 6. Bg5 h6 7. Be3 e5 8. d5 c6 9.
Qd2 Kh7 10. g4 cxd5 11. cxd5 Nbd7 12. f3 a6 13. Nge2 b5 14. a3 Bb7 15. Ng3 Rc8
16. h4 Ng8 17. h5 g5 18. Nf5 Ndf6 19. b4 Qd7 20. Rc1 Ne7 21. Nxg7 Kxg7 22. Bd3
Qd8 23. O-O Ne8 24. a4 bxa4 25. Nxa4 Rxc1 26. Rxc1 Nc8 27. Qc3 Qd7 28. Nb6 Nxb6
29. Bxb6 Qe7 30. Ra1 Qf6 31. Bxa6 Bxa6 32. Rxa6 Qf4 33. Kg2 Nf6 34. Be3 Nxe4 35.
fxe4 Qxg4+ 36. Kf2 Qxe4 37. Rxd6 Qh4+ 38. Kf1 Qh3+ 39. Ke1 Qh1+ 40. Kd2 Qg2+ 41.
Kd3 Qf1+ 42. Ke4 Re8 43. Bc5 f5+ 44. Ke3 f4+ 45. Kd2 Qg2+ 46. Kd3 Qf3+ 47. Kc4
Qe2+ 48. Qd3 Qa2+ 49. Kb5 Rb8+ 50. Rb6 Rxb6+ 51. Bxb6 e4 52. Qxe4 Qb3 53. Qg6+
1-0

[Event "AUTO-MASTER-2438"]
[Site "http://www.queenalice.com/game.php?id=1412236"]
[Date "2016.3.5"]
[Round "1"]
[White "sisagido"]
[Black "dbwright308"]
[Result "1-0"]
[WhiteElo "2160"]
[BlackElo "1772"]

1. e4 d5 2. exd5 Qxd5 3. Nc3 Qe6+ 4. Be2 Nc6 5. Nf3 f6 6. O-O Bd7 7. d4 Qf7 8.
Bf4 e5 9. dxe5 g5 10. Bg3 O-O-O 11. Qc1 Qg6 12. exf6 Nxf6 13. Bd3 Bf5 14. Bxf5+
Qxf5 15. Re1 Nd4 16. Nxg5 Re8 17. Rxe8+ Nxe8 18. Qf4 Qxf4 19. Bxf4 Nxc2 20. Rc1
Nd4 21. Be5 Nc6 22. Bxh8 Bg7 23. Bxg7 Nxg7 24. Nxh7 Nd4 25. Kf1 Nge6 26. Nf6 Nf4
27. Ncd5 c6 28. Nxf4 Kc7 29. Rd1 Nb5 30. Ne6+ Kb6 31. Nd7+ Ka5 32. Rd3 Kb4 33.
a3+ Ka4 34. Nec5+ Ka5 35. b4# 1-0

[Event "AUTO-MASTER-2438"]
[Site "http://www.queenalice.com/game.php?id=1412237"]
[Date "2016.3.5"]
[Round "1"]
[White "dbwright308"]
[Black "sisagido"]
[Result "1-0"]
[WhiteElo "1811"]
[BlackElo "2161"]

1. e4 g6 2. e5 d6 3. f4 Bg7 4. d4 dxe5 5. fxe5 c5 6. c3 cxd4 7. cxd4 Nc6 8. Bb5
Qa5+ 9. Nc3 Bd7 10. a4 a6 11. Bxc6 Bxc6 12. Nf3 e6 13. Bd2 Qc7 14. O-O Ne7 15.
Ng5 Nf5 16. g4 Nh6 17. Rc1 O-O 18. Nce4 Qb6 19. Bc3 Bxe5 20. Kg2 Bg7 21. a5 Qd8
22. Kh3 Bxe4 23. Nxe4 f5 24. Nf2 Qd5 25. g5 Nf7 26. Qd3 Nxg5+ 27. Kh4 Nf3+ 28.
Kg3 f4+ 29. Kh3 Ng5+ 30. Kh4 Nf3+ 31. Kh3 Qh5+ 32. Kg2 Rf5 33. h3 Rg5+ 34. Ng4
Nh4+ 35. Kf2 Nf5 36. d5 1-0

[Event "Challenge"]
[Site "http://www.queenalice.com/game.php?id=1414792"]
[Date "2016.3.24"]
[Round "-"]
[White "sisagido"]
[Black "amaisi"]
[Result "0-1"]
[WhiteElo "2138"]
[BlackElo "2216"]

1. e4 e6 2. d4 d5 3. Nd2 Nc6 4. exd5 exd5 5. Ngf3 Bd6 6. Bb5 Ne7 7. O-O O-O 8.
Re1 Bg4 9. h3 Bh5 10. c4 Nxd4 11. Ba4 dxc4 12. Re4 c5 13. Nxc4 b5 14. Nxd6 Qxd6
15. Bf4 Nxf3+ 16. gxf3 Qg6+ 17. Bg3 Nf5 18. Bxb5 Nxg3 19. fxg3 Qxg3+ 20. Kf1
Bxf3 21. Qd2 Qxh3+ 22. Kf2 Bxe4 0-1